[Event "European Individual Women's Chess Championship 2017"]
[Site "Riga LAT"]
[Date "2017.04.21"]
[Round "10.62"]
[White "Heinatz, Maria "]
[Black "Exler, Veronika "]
[Result "0-1"]
[WhiteElo "1990"]
[BlackElo "2208"]
[PlyCount "156"]

1. e4 c6 2. Nf3 d5 3. Nc3 dxe4 4. Nxe4 Nf6 5. Nxf6+ exf6 6. d4 Bd6 7. Be2 Bg4
8. O-O O-O 9. Be3 Qc7 10. h3 Bh5 11. c4 Nd7 12. Qb3 b6 13. Rac1 Rfe8 14. Rfe1
Bf4 15. Rc3 Re7 16. Bxf4 Qxf4 17. g3 Qd6 18. Re3 Rxe3 19. Qxe3 Nf8 20. Nh4 Bxe2
21. Rxe2 g6 22. b3 Rd8 23. Nf3 Qe6 24. Kg2 Kg7 25. Qd2 Qd6 26. Qd1 Ne6 27. Rd2
Nc7 28. Re2 f5 29. Qe1 Ne6 30. Rd2 Nc7 31. Qe5+ f6 32. Qxd6 Rxd6 33. Ne1 Kf7
34. Nc2 Ke7 35. a3 Kd7 36. f3 Re6 37. Kf2 Kd6 38. Re2 Rxe2+ 39. Kxe2 Ne6 40.
Ke3 f4+ 41. Kf2 fxg3+ 42. Kxg3 f5 43. h4 f4+ 44. Kg4 h5+ 45. Kh3 a6 46. Kg2 Ng7
47. Nb4 Nf5 48. c5+ bxc5 49. dxc5+ Kxc5 50. Nxa6+ Kb6 51. Nb4 Nxh4+ 52. Kf2 Nf5
53. Nd3 g5 54. Ne5 Nd4 55. Nf7 g4 56. fxg4 hxg4 57. Ne5 g3+ 58. Kg2 Nxb3 59.
Nd3 Nd4 60. Nxf4 Nf5 61. Kf3 c5 62. Kg4 Nd4 63. Kxg3 Kb5 64. Nd3 c4 65. a4+ Ka5
66. Kf2 Nb3 67. Ne1 Kxa4 68. Nc2 Nc5 69. Ke2 Kb3 70. Kd1 Kb2 71. Nd4 c3 72. Nc2
Nd3 73. Nd4 Ne5 74. Nc2 Nc4 75. Nd4 Ne3+ 76. Ke1 Nc2+ 77. Nxc2 Kxc2 78. Ke2 Kb2
0-1

[Event "European Individual Women's Chess Championship 2017"]
[Site "Riga LAT"]
[Date "2017.04.21"]
[Round "10.63"]
[White "Hapala, Elisabeth "]
[Black "Narva, Regina"]
[Result "1-0"]
[WhiteElo "2091"]
[BlackElo "2000"]
[PlyCount "149"]

1. e4 d5 2. exd5 Nf6 3. Nf3 Qxd5 4. Nc3 Qa5 5. d4 Bg4 6. h3 Bh5 7. g4 Bg6 8.
Ne5 e6 9. Bg2 Be4 10. Bxe4 Nxe4 11. Qf3 Nd6 12. O-O f6 13. Re1 Be7 14. Nd3 Nc6
15. Rxe6 O-O-O 16. b4 Qa6 17. Be3 Qc4 18. Nd5 Bf8 19. Nc5 Nb5 20. Ne7+ Bxe7 21.
Rxe7 Nbxd4 22. Bxd4 Rxd4 23. Rae1 Rhd8 24. Qf5+ Kb8 25. Re8 Qf7 26. Rxd8+ Rxd8
27. Nxb7 Rd5 28. Qf3 Kxb7 29. c4 Rd6 30. b5 Qxc4 31. bxc6+ Qxc6 32. Rb1+ Kc8
33. Qb3 Qd5 34. Qb8+ Kd7 35. Qf8 Qf3 36. Qxg7+ Kc8 37. Qg8+ Kd7 38. Qxh7+ Kc8
39. Qg8+ Kd7 40. Qf7+ Kc8 41. Qe8+ Rd8 42. Qe6+ Rd7 43. Qa6+ Kd8 44. Qxa7 Rd1+
45. Rxd1+ Qxd1+ 46. Kg2 Qd5+ 47. f3 c5 48. Qa5+ Kd7 49. a4 Qa2+ 50. Kg3 c4 51.
Qd5+ Ke7 52. a5 Qe2 53. a6 Qe1+ 54. Kf4 c3 55. a7 Qd2+ 56. Qxd2 cxd2 57. a8=Q
d1=Q 58. Qb7+ Ke6 59. Qe4+ Kf7 60. g5 Qc1+ 61. Qe3 fxg5+ 62. Ke4 Qc6+ 63. Kf5
Qd7+ 64. Kxg5 Qxh3 65. Qf4+ Kg7 66. Qf6+ Kg8 67. Qg6+ Kf8 68. Qf5+ Qxf5+ 69.
Kxf5 Kf7 70. f4 Kf8 71. Kf6 Kg8 72. Kg6 Kf8 73. f5 Kg8 74. f6 Kf8 75. f7 1-0

[Event "European Individual Women's Chess Championship 2017"]
[Site "Riga LAT"]
[Date "2017.04.21"]
[Round "10.64"]
[White "Golsta, Madara"]
[Black "Beydullayeva, Govhar"]
[Result "0-1"]
[WhiteElo "1619"]
[BlackElo "2054"]
[PlyCount "112"]

1. e4 c5 2. Nf3 d6 3. d4 cxd4 4. Nxd4 Nf6 5. Nc3 a6 6. Bg5 Nbd7 7. Qe2 e6 8.
O-O-O b5 9. Nd5 Bb7 10. Nxf6+ gxf6 11. Bh4 Qb6 12. f3 O-O-O 13. Kb1 Kb8 14. Bf2
Qc7 15. Qe3 Nc5 16. Bd3 Ba8 17. Rhe1 h5 18. Qe2 d5 19. Bh4 Be7 20. exd5 Nxd3
21. Qxd3 Bxd5 22. Qe3 e5 23. Nf5 Bc5 24. Qc1 Qb6 25. a3 b4 26. axb4 Bxb4 27.
Re3 Bc4 28. Re4 Rxd1 29. Qxd1 Rd8 30. Qxd8+ Qxd8 31. Rxc4 Ba5 32. b3 Qd7 33.
Ng7 Qd1+ 34. Kb2 Bb6 35. Nf5 Qd7 36. Ng7 Qd2 37. Nf5 Bd8 38. Bg3 Bc7 39. Nh4
Qd7 40. Be1 Bb6 41. h3 Bd4+ 42. Ka2 Be3 43. Bc3 Bf2 44. Bb2 Bg3 45. Bc1 f5 46.
Bg5 Qe6 47. Bd8 e4 48. f4 e3 49. Bc7+ Kb7 50. Nf3 e2 51. Be5 f6 52. Rb4+ Kc8
53. Rb8+ Kd7 54. Nd4 fxe5 55. Nxe6 e1=Q 56. Nc5+ Kd6 0-1

[Event "European Individual Women's Chess Championship 2017"]
[Site "Riga LAT"]
[Date "2017.04.21"]
[Round "10.65"]
[White "Sibajeva, Marija"]
[Black "Zvereva, Margarita"]
[Result "1-0"]
[WhiteElo "2011"]
[BlackElo "1771"]
[PlyCount "99"]

1. e4 c5 2. Nf3 d6 3. d4 cxd4 4. Qxd4 Nc6 5. Bb5 Bd7 6. Qd3 Nb4 7. Bxd7+ Qxd7
8. Qb3 Nc6 9. O-O Nf6 10. Re1 e6 11. c4 Be7 12. Na3 O-O 13. Bf4 e5 14. Bg5 Ne8
15. Bxe7 Qxe7 16. Qd3 a6 17. Nc2 g6 18. Ne3 Nc7 19. Rad1 Rad8 20. Qb3 b5 21.
cxb5 Nxb5 22. Nd5 Qa7 23. Rc1 Nbd4 24. Nxd4 Nxd4 25. Qh3 h5 26. Rc7 Qb8 27. Qe3
Kg7 28. Qg5 Ne6 29. Qf6+ Kg8 30. Re7 Rde8 31. Rxe8 Rxe8 32. Ne7+ Rxe7 33. Qxe7
Qxb2 34. Qxd6 a5 35. a3 a4 36. Qb4 Qxb4 37. axb4 Kf8 38. Ra1 Nd4 39. Rxa4 Ke7
40. Ra7+ Ke6 41. Kf1 Kf6 42. Rd7 Ke6 43. Rd5 f5 44. f3 Nc2 45. Rb5 fxe4 46.
fxe4 Nd4 47. Rb6+ Kf7 48. b5 g5 49. Rb7+ Ke6 50. b6 1-0

[Event "European Individual Women's Chess Championship 2017"]
[Site "Riga LAT"]
[Date "2017.04.21"]
[Round "10.66"]
[White "Harlinska, Sandra"]
[Black "Erneste, Inguna"]
[Result "1/2-1/2"]
[WhiteElo "1881"]
[BlackElo "2168"]
[PlyCount "95"]

1. e4 e5 2. Nf3 Nc6 3. Bb5 a6 4. Ba4 Nf6 5. O-O Be7 6. Re1 b5 7. Bb3 d6 8. c3
O-O 9. h3 Nb8 10. d4 Nbd7 11. Nbd2 Bb7 12. Bc2 Re8 13. a4 Bf8 14. Bd3 bxa4 15.
Rxa4 exd4 16. cxd4 g6 17. Qc2 Bg7 18. e5 dxe5 19. dxe5 Nd5 20. e6 Rxe6 21. Rxe6
fxe6 22. Ne4 Nf8 23. Nc5 Bc6 24. Re4 Qd6 25. Ng5 Re8 26. h4 Nf6 27. Bf4 e5 28.
Bxe5 Rxe5 29. Rxe5 Qxe5 30. Nxa6 h6 31. Qxc6 hxg5 32. hxg5 Qxg5 33. Nxc7 Ng4
34. Qc4+ Kh7 35. Be2 Ne5 36. Qc2 Qf4 37. Nd5 Qd4 38. Ne3 Qf4 39. Nd5 Qd4 40.
Ne3 Qb4 41. Bh5 Qe1+ 42. Kh2 Qb4 43. Kg1 Ne6 44. Bxg6+ Nxg6 45. Qf5 Nef4 46.
Ng4 Qxb2 47. g3 Qc1+ 48. Kh2 1/2-1/2

[Event "European Individual Women's Chess Championship 2017"]
[Site "Riga LAT"]
[Date "2017.04.21"]
[Round "10.67"]
[White "Maklakova, Nellija"]
[Black "Limanovska, Elizabete"]
[Result "0-1"]
[WhiteElo "1829"]
[BlackElo "1990"]
[PlyCount "54"]

1. e4 c5 2. Nf3 d6 3. d4 cxd4 4. Nxd4 Nf6 5. Nc3 a6 6. Bg5 Nbd7 7. Be2 g6 8.
Qd2 h6 9. Be3 Bg7 10. f3 Qc7 11. g4 b5 12. g5 hxg5 13. Bxg5 Bb7 14. h4 Nb6 15.
O-O-O Rc8 16. Nb1 Nh5 17. Qe3 Qb8 18. Qd3 Ng3 19. Rh3 Bxd4 20. Rxg3 Bg7 21. f4
Nc4 22. c3 b4 23. e5 bxc3 24. b3 c2 25. Re1 cxb1=Q+ 26. Kxb1 Be4 27. exd6 Nd2#
0-1

[Event "European Individual Women's Chess Championship 2017"]
[Site "Riga LAT"]
[Date "2017.04.21"]
[Round "10.68"]
[White "Parhomenko, Margarita"]
[Black "Norlamo, Sarabella "]
[Result "1/2-1/2"]
[WhiteElo "1987"]
[BlackElo "1619"]
[PlyCount "77"]

1. d4 Nf6 2. Nf3 g6 3. g3 Bg7 4. Bg2 d6 5. c4 O-O 6. Nc3 c5 7. O-O cxd4 8. Nxd4
Qc7 9. Qb3 Nc6 10. Ndb5 Qd8 11. Rd1 Bd7 12. c5 a6 13. Na3 Na5 14. Qb4 dxc5 15.
Qxc5 Rc8 16. Qb4 b5 17. Bg5 Nc6 18. Bxc6 Rxc6 19. Nd5 Nxd5 20. Rxd5 Qc8 21.
Rad1 Be6 22. R5d2 f6 23. Be3 Re8 24. Qa5 Rc1 25. Rxc1 Qxc1+ 26. Kg2 Bh3+ 27.
Kxh3 Qf1+ 28. Kg4 f5+ 29. Kh4 Qg2 30. h3 h6 31. Qb6 Bf6+ 32. Qxf6 exf6 33. Bxh6
g5+ 34. Kh5 Qxh3+ 35. Kg6 Kh8 36. Rd7 Kg8 37. Rg7+ Kf8 38. Rf7+ Kg8 39. Rg7+
1/2-1/2

[Event "European Individual Women's Chess Championship 2017"]
[Site "Riga LAT"]
[Date "2017.04.21"]
[Round "10.69"]
[White "Golsta, Ramona"]
[Black "Ni Mhuireagain, Eibhia"]
[Result "1/2-1/2"]
[WhiteElo "1560"]
[BlackElo "1496"]
[PlyCount "120"]

1. d4 d5 2. Nf3 Nf6 3. Bg5 Bf5 4. Bxf6 gxf6 5. e3 Nd7 6. c4 dxc4 7. Bxc4 e6 8.
Nbd2 Nb6 9. Bb3 Bd6 10. e4 Bg4 11. O-O Bb4 12. Nc4 Nxc4 13. Bxc4 Bxf3 14. Qxf3
Qxd4 15. Qb3 Qb6 16. Rfd1 Bc5 17. Qa4+ c6 18. Rd2 Rd8 19. Rxd8+ Qxd8 20. Qc2
Qb6 21. Rd1 Ke7 22. Kf1 Rd8 23. Rxd8 Qxd8 24. g3 Qd4 25. Kg2 Bd6 26. Bd3 Qc5
27. Qb3 Qb4 28. e5 fxe5 29. Qxb4 Bxb4 30. Bxh7 Kf6 31. Be4 Bd2 32. Kf3 Bh6 33.
h4 Kg7 34. g4 f6 35. Bd3 Bf4 36. Bc4 Kf7 37. Ke4 b5 38. Be2 Kg6 39. Kd3 c5 40.
Kc3 a6 41. Bf3 f5 42. Bb7 fxg4 43. Bxa6 b4+ 44. Kc4 e4 45. Kxc5 e3 46. Bd3+ Kh5
47. fxe3 Bxe3+ 48. Kxb4 g3 49. Bf1 e5 50. Bg2 Kxh4 51. Kc4 Kg4 52. b4 Kf4 53.
Kd5 Bd4 54. a4 Ke3 55. a5 Kf2 56. Be4 g2 57. Bxg2 Kxg2 58. Ke4 Bc3 59. a6 Bd4
60. b5 Kg3 1/2-1/2

[Event "European Individual Women's Chess Championship 2017"]
[Site "Riga LAT"]
[Date "2017.04.21"]
[Round "10.70"]
[White "Ristoja, Aulikki "]
[Black "Ivanova, Katrina Telma"]
[Result "1-0"]
[WhiteElo "1716"]
[BlackElo "1340"]
[PlyCount "151"]

1. d4 d5 2. c4 e6 3. Nf3 Be7 4. Bf4 Nf6 5. Nc3 c6 6. e3 O-O 7. c5 Nbd7 8. Bd3
b6 9. b4 Bb7 10. h3 Re8 11. g4 Nf8 12. Ne5 N6d7 13. Bg3 Nxe5 14. Bxe5 Bf6 15.
Bxf6 Qxf6 16. f4 Qh4+ 17. Kd2 Qd8 18. Qf3 Nd7 19. g5 g6 20. h4 Kg7 21. h5 Rh8
22. h6+ Kf8 23. Nd1 bxc5 24. f5 exf5 25. bxc5 Qxg5 26. Nc3 Ke8 27. Rag1 Qe7 28.
Rh2 Nf6 29. Bxf5 Rg8 30. Bd3 Kd7 31. Rf2 Ne4+ 32. Bxe4 dxe4 33. Qxf7 Rgf8 34.
Qxe7+ Kxe7 35. Nxe4 Rxf2+ 36. Nxf2 Rf8 37. Ng4 Bc8 38. a3 Bf5 39. Ne5 Rc8 40.
Kc3 Ke6 41. Rg2 Be4 42. Rb2 Rc7 43. a4 Bd5 44. a5 Kf5 45. a6 Ke6 46. Rb7 Re7
47. Rxe7+ Kxe7 48. Nxg6+ Kf6 49. Nf4 Be4 50. Kc4 Kg5 51. d5 Kxh6 52. Kd4 Bf3
53. e4 Bg4 54. d6 Kg5 55. Nd3 Kf6 56. Ne5 h5 57. Nxg4+ hxg4 58. d7 Ke7 59. Ke3
Kxd7 60. Kf4 Ke6 61. Kxg4 Ke5 62. Kf3 Kd4 63. Kf4 Kxc5 64. e5 Kd5 65. Kf5 c5
66. e6 Kd6 67. Kf6 c4 68. e7 c3 69. e8=Q Kd5 70. Qe5+ Kc4 71. Qc7+ Kb3 72. Qxa7
c2 73. Qe3+ Kb2 74. a7 c1=Q 75. Qxc1+ Kxc1 76. a8=Q 1-0

[Event "European Individual Women's Chess Championship 2017"]
[Site "Riga LAT"]
[Date "2017.04.21"]
[Round "10.71"]
[White "Vainovska, Valentina"]
[Black "Mieze, Natalja "]
[Result "1-0"]
[WhiteElo "1792"]
[BlackElo "1223"]
[PlyCount "102"]

1. Nf3 c5 2. e4 e6 3. d4 Nc6 4. d5 Nd4 5. Nxd4 cxd4 6. Qxd4 exd5 7. exd5 Nf6 8.
Bc4 d6 9. Nc3 a6 10. O-O Be7 11. a4 O-O 12. Re1 Bf5 13. Bd3 Bxd3 14. Qxd3 Ng4
15. Qe2 Ne5 16. f4 Ng6 17. Be3 f5 18. g3 Bf6 19. Qd3 Qd7 20. Bd4 Kh8 21. a5 Ne7
22. Re2 Ng8 23. Rae1 Qf7 24. Re6 Nh6 25. Bxf6 gxf6 26. Rxd6 Qh5 27. Kg2 Ng4 28.
h3 Nh6 29. Rd7 Qg6 30. d6 Nf7 31. Rxb7 Rg8 32. Ree7 Rg7 33. Ne2 h5 34. d7 Kh7
35. Re8 Nd8 36. Rb3 h4 37. Qd5 Ra7 38. Rxd8 Qh5 39. Re3 Kg6 40. Qe6 Rc7 41. c3
Rb7 42. b4 Qh7 43. Nd4 Rbxd7 44. Rxd7 Rxd7 45. Qxf5+ Kh6 46. Qxf6+ Qg6 47.
Qxh4+ Kg7 48. Qg4 Rd6 49. Qxg6+ Rxg6 50. Re6 Kf7 51. Rxg6 Kxg6 1-0